Konvergencia medzi výnosmi akciových indexov habilitačná prednáška : študijný odbor Ekonomika a manažment podniku

Saved in:
Bibliographic Details
Main Author: Lyócsa, Štefan, 1982-
Corporate Author: Ekonomická univerzita v Bratislave. Podnikovohospodárska fakulta so sídlom v Košiciach
Format: Book
Language:Slovak
Published: Bratislava Vydavateľstvo EKONÓM 2013
Edition:1. vyd.
Series:Habilitačné a inauguračné prednášky
Subjects:
Tags: Add Tag
No Tags, Be the first to tag this record!

MARC

LEADER 00000nam a2200000 4500
001 0183100
005 20240318125632.6
041 0 |a slo 
044 |a SK 
245 1 0 |a Konvergencia medzi výnosmi akciových indexov  |b habilitačná prednáška : študijný odbor Ekonomika a manažment podniku  |c Štefan Lyócsa 
250 |a 1. vyd. 
264 1 |a Bratislava  |b Vydavateľstvo EKONÓM  |c 2013 
300 |a 33 s. 
490 1 |a Habilitačné a inauguračné prednášky 
830 0 |a Habilitačné a inauguračné prednášky 
610 2 0 |a indexy akciové 
610 2 0 |a akcie 
610 2 0 |a výnosy 
610 2 0 |a konvergencia 
100 1 |a Lyócsa, Štefan, 1982- 
710 2 |a Ekonomická univerzita v Bratislave. Podnikovohospodárska fakulta so sídlom v Košiciach